Who's in the money? (Record no. 76943)

MARC details
000 -LEADER
fixed length control field 01076cab a2200193 4500
001 - CONTROL NUMBER
control field ##L133342
008 - FIXED-LENGTH DATA ELEMENTS--GENERAL INFORMATION
fixed length control field 060503n2006 000 0 eng u
035 ## - SYSTEM CONTROL NUMBER
System control number (Sirsi) u133342
041 0# - LANGUAGE CODE
Language code of text/sound track or separate title eng
100 1# - MAIN ENTRY--PERSONAL NAME
Personal name Jones, Ali
245 00 - TITLE STATEMENT
Title Who's in the money?
260 ## - PUBLICATION, DISTRIBUTION, ETC.
Date of publication, distribution, etc. 2006
490 #0 - SERIES STATEMENT
Series statement RICS Business
Volume/sequential designation April 2006, 16-19(4)
520 ## - SUMMARY, ETC.
Summary, etc. Analyses the results of the "RICS and MacDonald and Company salary and benefits survey 2006" (L133340) which reveals that salaries across the property profession have increased significantly since 2005 with the average salary now £44 839 excluding bonuses and other benefits. Looks at the geographical remuneration spread, professionals working outside the UK, bonuses and benefits, the gender gap and the issue of job satisfaction. Compares property professionals' pay with that of other professions. Concludes with the property professionals verdict on their markets. Tables
590 ## - LOCAL NOTE (RLIN)
Local note IKA090506
650 24 - SUBJECT ADDED ENTRY--TOPICAL TERM
Topical term or geographic name entry element RICS SALARY AND BENEFITS SURVEYS
690 ## - LOCAL SUBJECT ADDED ENTRY--TOPICAL TERM (OCLC, RLIN)
Topical term or geographic name as entry element CAREERS, EDUCATION AND TRAINING-SURVEYING APPOINTMENTS
942 ## - ADDED ENTRY ELEMENTS (KOHA)
Suppress in OPAC 0
Holdings
Withdrawn status Lost status Source of classification or shelving scheme Damaged status Not for loan Home library Current library Shelving location Date acquired Total Checkouts Full call number Barcode Date last seen Copy number Price effective from Koha item type
    Dewey Decimal Classification     London London Journal article 03/05/2006   L133342 133342-1001 06/08/2019 1 06/08/2019 Journal article